| 000 | 01114cam a22003255a 4500 | ||
|---|---|---|---|
| 999 |
_c1316 _d1316 |
||
| 005 | 20240818092725.0 | ||
| 006 | m||||fq||z| 00| 0 | ||
| 008 | 180918s2002 njua frb 001 0 eng d | ||
| 020 | _a0130415502 | ||
| 020 | _a0130934828 (CD-ROM) | ||
| 040 |
_aEG-ScBUE _beng _cEG-ScBUE _dEG-ScBUE |
||
| 082 | 0 | 4 |
_a515 _bSTR _222 |
| 100 | 1 | _aStrauss, Monty J. | |
| 245 | 1 | 0 |
_aSingle variable calculus / _cMonty J. Strauss, Gerald L. Bradley, Karl J. Smith. |
| 246 | 3 | 0 | _aCalculus |
| 250 | _a3rd ed. | ||
| 260 |
_aUpper Saddle River, N.J. : _bPrentice Hall, _cc.2002. |
||
| 300 |
_axxviii, 692, 80 p. : _bill. ; _c28 cm. + _e1 CD-ROM (4 3/4 in.) |
||
| 500 | _aRev. ed. of: Single variable calculus / Gerald L. Bradley. 2nd ed. c1999. | ||
| 500 | _aIncludes bibliographical references and index. | ||
| 650 | 7 |
_aCalculus. _2BUEsh |
|
| 651 | _2BUEsh | ||
| 653 |
_bENGGEN _cSeptember2018 |
||
| 700 | 1 |
_aBradley, Gerald L., _d1940- _934673 |
|
| 700 | 1 | _aSmith, Karl J. | |
| 336 |
_2rdacontent _atext _btxt |
||
| 337 |
_aunmediated _2rdamedia _bn |
||
| 338 |
_avolume _bnc _2rdacarrier |
||
| 942 | _hRDA-MOD | ||